|
|
|
|
| LEADER |
01270cam a22003131 4500 |
| 001 |
35913 |
| 003 |
BD-DhAAL |
| 005 |
20211201112506.0 |
| 008 |
211201s1960 enk 000 0 eng |
| 999 |
|
|
|c 43334
|d 43334
|
| 010 |
|
|
|a 44051591
|
| 035 |
|
|
|a (OCoLC)6888341
|
| 040 |
|
|
|a DLC
|c PCvA
|d DLC
|d BD-DhAAL
|
| 050 |
0 |
0 |
|a QH431
|b .M93
|
| 082 |
|
|
|a 575.1
|
| 100 |
1 |
|
|a Mottram, V. H.
|q (Vernon Henry),
|d 1882-1976.
|9 43406
|
| 245 |
1 |
4 |
|a The physical basis of personality /
|c V. H. Mottram.
|
| 260 |
|
|
|a Harmondsworth, Middlesex, Eng.,
|a New York :
|b Penguin books,
|c 1960.
|
| 300 |
|
|
|a 124, [2] p. incl. front :
|b (port.) illustrations ;
|c 17 1/2 cm.
|
| 490 |
0 |
|
|a Pelican books. [A319]
|
| 500 |
|
|
|a Text on p. [2] of cover.
|
| 500 |
|
|
|a "First published 1944."
|
| 504 |
|
|
|a Includes bibliographical references (pages [120]-121).
|
| 541 |
|
|
|a Complimentary copy from BIED
|e 35913
|
| 650 |
|
0 |
|a Personality.
|9 43407
|
| 650 |
|
0 |
|a Heredity, Human.
|9 43408
|
| 852 |
|
|
|a Ayesha Abed Library
|c General Stacks
|
| 942 |
|
|
|2 ddc
|c BK
|
| 952 |
|
|
|0 0
|1 0
|2 ddc
|4 0
|6 575_100000000000000_MOT
|7 0
|9 69520
|a BRACUL
|b BRACUL
|c GEN
|d 2021-12-01
|e Complimentary copy from BIED
|l 2
|m 4
|o 575.1 MOT
|p 3010035913
|q 2025-10-08
|r 2025-03-15
|s 2025-03-15
|t 1
|w 2021-12-01
|y BK
|x Transferred from BIED to General Stacks
|